000 00420nam a2200121 a 4500
008 120416s1968 xx |||||||||||||| || u
050 _aTS 156.8 Wig
100 _aWightman, E. J
245 1 0 _aInstrumentation in process control
260 _c1968
350 _a0.00
995 _D0.00
_FCBU-MAIN LIBRARY (Kitwe)
_H1
_I7.00
_UAVAILABLE
_ZAnnex Low-Usage Collection
999 _c47107
_d47107